000 01199nam a2200229Ia 4500
001 L268-21856
003 IT-CnALBA
008 170116s9999||||xx |||||||||||||| ||und||
040 _aIT-CnALBA
_cIT-CnALBA
041 _aITALIANO
100 _aLAZZATI GIUSEPPE, ONOREVOLE
245 0 _aLA CORPOREITÀ.
250 _a1a ed.
260 _aROMA
_bAVE, ANONIMA VERITA'S EDITRICE
_c1986 [1° Ed.:1986 - Ed.Ling.Originale: 1986]
300 _a62 p. (prefazione: 5)
500 _aQUADERNI DI SAN SALVATORE, N 2. PRESENTAZIONE DI LUCIANO CAIMI. CORPOREITÀ E CREAZIONE. UOMO, CORPO E SPIRITO. MASCHIO E FEMMINA. L'UOMO NEL MONDO, SPAZIO E TEMPO. VALORE DELLA SALUTE. CORPOREITÀ E REDENZIONE. ISTINTIVITA' PURORE. GIOIA. EQUILIBRIO. SESSU
501 _aSocietà San Paolo EM - Piazza San Paolo, 14 - 12051 ALBA (CN) (non commercial uses only) ® Copyright 2017
520 _aQUADERNI DI SAN SALVATORE, N 2. PRESENTAZIONE DI LUCIANO CAIMI. CORPOREITÀ E CREAZIONE. UOMO, CORPO E SPIRITO. MASCHIO E FEMMINA. L'UOMO NEL MONDO, SPAZIO E TEMPO. VALORE DELLA SALUTE. CORPOREITÀ E REDENZIONE. ISTINTIVITA' PURORE. GIOIA. EQUILIBRIO. SESSU
650 _aCATECHESI
942 _cBK
957 _71
999 _a26598
_bNO
_g Copie: 1
_c280960
_d280960